000 00289nam a2200121Ia 4500
005 20251222144644.0
008 251222s9999||||xx |||||||||||||| ||spa||
082 _a401.9/F81
100 _aFraisse, Paul
245 0 _aLenguaje, Comunicación y Decisión
264 _bPaidós
942 _cLIB
999 _c16782
_d16782